00938cam a22002651 4500001001300000003000400013005001700017008004100034010001700075035001900092040001800111042001200129050001700141100003400158245008000192260004000272300005800312410004200370500004900412500007200461504002800533650003700561650005700598999001700655gs 62000168 DLC20260227111411.0750730s1961 xx 000 0 eng  ags 62000168  a(OCoLC)1489425 aDLCcOAUdDLC apremarc00aQE138.M5bR61 aRoss, Donald Clarence,d1924-10aGeology and mineral deposits of Mineral County, Nevada,cby Donald C. Ross. aReno,bUniversity of Nevada,c1961. a vii, 98 p., ix-xiv p.billus., maps (2 col.)c23 cm.20aNevada Bureau of Mines.tBulletinv58 aPart of illustrative matter fold. in pocket. a"Prepared in cooperation with the United States Geological Survey." aBibliography: p. 86-89. 0aGeologyzNevadazMineral County. 0aMines and mineral resourceszNevadazMineral County. c29610d29610